Ends in "-ine" - Statistics

General Stats
  • This quiz has been taken 51 times
  • The average score is 29 of 43
Answer Stats
Hint Answer % Correct
Belonging to me Mine
95%
Not quite ten Nine
95%
Referring to cattle Bovine or Kine
91%
Referring to dogs or their pointy teeth (and yours...) Canine
91%
Grapes grow on one. Tarzan swings from one Vine
91%
Referring to cats Feline
86%
Referring to mountains, perhaps like those in Switzerland Alpine
84%
Romantic greeting card to be exchanged on February 14, or the Catholic saint for which it was named Valentine
84%
Fermented juice, often from grapes Wine
84%
Of very high quality or perhaps simply "good enough," Also a monetary penalty Fine
79%
Common evergreen tree, or, to yearn longingly for something Pine
79%
Moe's pet name for Larry, or, a large rodent with spikey quills Porcupine
79%
Referring to horses Equine
77%
Chemical element whose symbol is "I". Can be found in table salt. Grandma used to put it on boo-boos Iodine
77%
In geometry, this can connect two points. The straightest ones are often the shortest Line
77%
A glossy publication, like Newsweek or Vogue Magazine
77%
Salty liquid used in cooking or for raising Sea Monkeys Brine
74%
John F. Kennedy's daughter. Neil Diamond wrote a "sweet" song about her in 1969 Caroline
74%
To lie back, perhaps in a chair made for that purpose Recline
74%
Belonging to thee (thou?) Thine
74%
Roman emperor who converted to Christianity. His capital city, once named for him, is now called Istanbul Constantine
72%
To politely refuse or turn down Decline
72%
A fossil fuel for many kinds of vehicles. The Brits call it "petrol" Gasoline
70%
A prong on a fork Tine
70%
This contraption is fun to jump up and down upon Trampoline
70%
A heavy string used to wrap a package or perhaps a tasty pot roast Twine
70%
Mrs. Winston Churchill, or an 1884 American folksong, "Oh, My Darling, _________" Clementine
67%
Popular Vatican tourist destination. Michelangelo spent four years painting its ceiling: _______ Chapel Sistine
67%
The part of a vehicle which consumes that fossil fuel Engine
65%
American singing star, Patsy, who sang "Crazy" and "I Fall to Pieces" Cline
63%
Refering to pigs Porcine or Swine
63%
A resident of Buenos Aires Argentine
60%
Warm light emitted by our parent star Sunshine
58%
Napoleon's first wife, or famed French entertainer Baker Josephine
53%
Household solvent or paint thinner made from that common evergreen tree Turpentine
53%
Pink remedy used to treat poison ivy and rashes: "________ Lotion" Calamine
47%
Pure, or in an undamaged condition Pristine
47%
Bendy-twisty-curvy like a snake, literally. (Hint: It rhymes with the answer above) Serpentine
47%
Another opium-derived drug found in some cough syrups. Highly addictive! Codeine
42%
Pain-killing drug made from opium. Highly addictive! Morphine
42%
Referring to sheep Ovine
40%
Found in some allergy medications, they help you to stop sneezing Antihistamine
37%
"Dramatic" over-the-counter remedy for motion sickness Dramamine
28%
No matching quizzes found
Score Distribution
Percent of People with Each Score
Percentile by Number Answered
Your Score History
You have not taken this quiz